Special report - Private Finance Initiative (Record no. 72595)
[ view plain ]
| 000 -LEADER | |
|---|---|
| fixed length control field | 01310cam a2200289 4500 |
| 001 - CONTROL NUMBER | |
| control field | ABS66577 |
| 008 - FIXED-LENGTH DATA ELEMENTS--GENERAL INFORMATION | |
| fixed length control field | 030430n2003 000 0 eng u |
| 035 ## - SYSTEM CONTROL NUMBER | |
| System control number | (Sirsi) u122153 |
| 100 ## - MAIN ENTRY--PERSONAL NAME | |
| Personal name | Faulkner, G. |
| 245 ## - TITLE STATEMENT | |
| Title | Special report - Private Finance Initiative |
| 260 ## - PUBLICATION, DISTRIBUTION, ETC. | |
| Date of publication, distribution, etc. | 2003 |
| 490 ## - SERIES STATEMENT | |
| Series statement | Contract Journal |
| Volume/sequential designation | 418(6422) 16 April 2003, 16-27(8) |
| 520 ## - SUMMARY, ETC. | |
| Summary, etc. | "Must try harder" examines how the DfES is planning a new form of procurement in the design of PFI schools, which will mean more involvement for headteachers. Includes the opinions of PFI schools' headteachers on their input in the design process; "Pressure on the specialists" looks at ways in which relationships between subcontractors and main contractors in PFI deals can be improved; "3, 2, 1 - we have LIFT off" looks at the popularity of the NHS LIFT PFI programme; "Failing standards" examines government insistence on the application of standardised contracts. |
| 590 ## - LOCAL NOTE (RLIN) | |
| Local note | ABS |
| 650 ## - SUBJECT ADDED ENTRY--TOPICAL TERM | |
| Topical term or geographic name entry element | Procurement-old |
| 650 ## - SUBJECT ADDED ENTRY--TOPICAL TERM | |
| Topical term or geographic name entry element | PFI |
| 650 ## - SUBJECT ADDED ENTRY--TOPICAL TERM | |
| Topical term or geographic name entry element | BUILDING CONTRACTORS |
| 650 ## - SUBJECT ADDED ENTRY--TOPICAL TERM | |
| Topical term or geographic name entry element | SUBCONTRACTORS |
| 650 ## - SUBJECT ADDED ENTRY--TOPICAL TERM | |
| Topical term or geographic name entry element | BUILT ENVIRONMENT-BUILDING CONTRACT FORMS |
| 650 ## - SUBJECT ADDED ENTRY--TOPICAL TERM | |
| Topical term or geographic name entry element | STANDARDS |
| 650 ## - SUBJECT ADDED ENTRY--TOPICAL TERM | |
| Topical term or geographic name entry element | SCHOOLS |
| 690 ## - LOCAL SUBJECT ADDED ENTRY--TOPICAL TERM (OCLC, RLIN) | |
| Topical term or geographic name as entry element | Procurement |
| 9 (RLIN) | 6260 |
| 700 ## - ADDED ENTRY--PERSONAL NAME | |
| Personal name | Atkinson, J. |
| 700 ## - ADDED ENTRY--PERSONAL NAME | |
| Personal name | Millett, C. |
| 700 ## - ADDED ENTRY--PERSONAL NAME | |
| Personal name | Andrews, K. |
| 942 ## - ADDED ENTRY ELEMENTS (KOHA) | |
| Suppress in OPAC | 0 |
| Withdrawn status | Lost status | Source of classification or shelving scheme | Damaged status | Not for loan | Home library | Current library | Shelving location | Date acquired | Total Checkouts | Full call number | Barcode | Date last seen | Copy number | Price effective from | Koha item type |
|---|---|---|---|---|---|---|---|---|---|---|---|---|---|---|---|
| Dewey Decimal Classification | London | London | Journal article | 30/04/2003 | ABS66577 | 122153-1001 | 06/08/2019 | 1 | 06/08/2019 | Journal article |